000 01141nam a22002177a 4500
999 _c59716
_d59716
003 Ge_BSU
005 20230405145606.0
008 230405s2011 ge ||||| |||| 00| 0 geo d
020 _a15122999
041 _ageo
080 _a902(063) ხ-76
245 _aხორნაბუჯი 1 = Khornabuli 1 /
_cრედ.: კიაზო ფიცხელაური, გურამ ყიფიანი, ვაჟა ვაზარაშვილი და სხვ.
264 _aთბილისი :
_b ილიას სახელმწიფო უნივერსიტეტი,
_c2011.
300 _a303 გვერდი :
_bილუსტრაციები;
_c30 სმ.
504 _aბიბლიოგრ. თავების ბოლოს
653 _aარქეოლოგია
700 _aფიცხელაური, კიაზო
_eმთ. რედაქტორი
_917497
700 _aყიფიანი, გურამ
_eრედაქტორი
_913514
700 _aვაზარაშვილი, ვაჟა
_eრედაქტორი
_917498
942 _2udc
_cBK